02950nab a2200313 i 4500003000900000005001700009008004100026040001800067072001400085072001400099100004000113100002200153100002700175100003100202245015700233500007700390520081800467520090701285650001102192650002302203650002302226650002502249650001602274650003602290773021502326856006802541942000802609999001902617BR-BrBNA20250716111956.0250716b2021 bl.tr|pooa||| 00| 0 eng | aBR-BrBNAbeng aF30b1112 aH20b4120 aKlabunde, Gustavo Henrique Ferrero  aPereira, Adriana  aScherer, Ramon Felipe  aBeltrame, André Boldrin  aMolecular screening in the EPAGRI ́S banana germplasm collection to identify sources of resistance to Fusarium oxysporum f. sp. cubense tropical race 4 a Publicação online; 16 ref.; 2 tables; 2 illus.; Summaries (En, Pt) a Abstract – The banana germplasm collecti on of EPAGRI - Estação Experimental de Itajaí, Santa Catarina, Brazil, holds 120 banana accessions from different origins, targeti ng at the conservation and the breeding. One of the main challenges of banana breeding is the selecti on of plants resistant to Fusarium oxysporum f. sp.cubense. This study aimed to identify, via molecular markers, the plants resistant to tropical race 4 (TR4), which is currently absent in Brazil. The results showed a wide presence of molecular marks associated with resistance to tropical race 4 in the genotypes of the germplasm collecti on. This information is important for the advancement of the EPAGRI banana breeding program. Index terms: Fusarium wilt; SCAR markers; Musa acuminata; Musa balbisiana a Resumo – A coleção de germoplasma de bananeira da EPAGRI, na Estação Experimental de Itajaí possui 120 acessos de diferentes origens, servindo os propósitos de conservação e melhoramento. Um dos maiores desafios do melhoramento genético de bananeira é a seleção de plantas resistentes ao Fusarium oxysporum f. sp. cubense. Este trabalho objetivou identificar, via marcadores moleculares, plantas resistentes a raça 4 tropical, atualmente ausente no Brasil. Os resultados mostraram uma ampla presença de marcas moleculares associadas à resistência da raça 4 tropical nos genótipos da coleção de germoplasma. Estas informações são importantes para o avanço do programa de melhoramento genético de bananeira da EPAGRI. Termos para indexação: Murcha de fusarium; Marcadores SCAR; Musa acuminata; Musa balbisiana aBANANA aDOENÇA DE PLANTA aMURCHA DE FUSARIUM aVARIEDADE RESISTENTE aSELEÇÃO aMELHORAMENTO GENÉTICO VEGETAL0 018139317205dFlorianópolis-SC Empresa de Pesquisa Agropecuária e Extensão Rural de Santa Catarina 1988-o2024-3829tAgropecuária Catarinense (Brazil)x0103-0779gv. 34(3) p. 57-62; (2021)wBR2025004013 uhttps://publicacoes.epagri.sc.gov.br/rac/article/view/1105/1222 cANA c333626d333626